I or l - Statistics

General Stats
  • This quiz has been taken 14 times
  • The average score is 4 of 17
Answers on the Grid
Answers color-coded by a green-red scale on the quiz's grid according to % correct below.
I
l
I
I
I
l
l
l
l
I
l
l
I
I
l
I
I
I
I
l
l
l
I
I
l
l
l
I
I
I
l
I
 
Answer Stats
Answer % Correct
I
88%
I
38%
I
38%
I
25%
I
25%
I
25%
I
25%
I
25%
I
25%
I
13%
I
13%
I
13%
I
13%
I
13%
I
13%
I
13%
I
13%
No matching quizzes found
Score Distribution
Percent of People with Each Score
Percentile by Number Answered
Your Score History
You have not taken this quiz